| 000 | 01362cam a22003494a 4500 | ||
|---|---|---|---|
| 999 |
_c1544 _d1544 |
||
| 001 | 13154106 | ||
| 003 | OSt | ||
| 005 | 20200224113434.0 | ||
| 008 | 030409s2003 enka b 001 0 eng | ||
| 010 | _a 2003044334 | ||
| 020 | _a1405102365 | ||
| 035 | _a(DNLM)101174804 | ||
| 040 |
_aDNLM/DLC _cDLC _dDLC |
||
| 042 | _apcc | ||
| 050 | 0 | 0 |
_aRK361 _b.C54 2003 |
| 060 | 1 | 0 |
_aWU 240 _bC6415 2003 |
| 082 | 0 | 0 |
_aWU240 C615j 2003 _221 |
| 100 |
_aEdited by Jan, Lindhe; Thorkild, Karring; Niklaus, P. Lang _913705 |
||
| 245 | 0 | 0 | _aClinical Periodontology and Implant Dentistry |
| 250 | _a4th ed. | ||
| 260 |
_aOxford; _bBlackwell, _c2003. |
||
| 300 |
_axxiv, 1044 p. : _bill. (some col.) ; _c31 cm. |
||
| 504 | _aIncludes bibliographical references and index. | ||
| 650 | 0 |
_aPeriodontics. _94060 |
|
| 650 | 0 |
_aDental disease. _94061 |
|
| 856 | 4 | 2 |
_3Contributor biographical information _uhttp://www.loc.gov/catdir/enhancements/fy0802/2003044334-b.html |
| 856 | 4 | 2 |
_3Publisher description _uhttp://www.loc.gov/catdir/enhancements/fy0802/2003044334-d.html |
| 856 | 4 | 1 |
_3Table of contents only _uhttp://www.loc.gov/catdir/enhancements/fy0802/2003044334-t.html |
| 906 |
_a7 _bcbc _corignew _d1 _eocip _f20 _gy-gencatlg |
||
| 942 |
_2z _cSLOAN |
||